000 00608nam a2200157 a 4500
008 121122s1964 xx |||||||||||||| || u
050 _aJA 79 Dow
100 _aDownie, R. S
245 1 0 _aGovernment action and morality: some principles and concepts of liberal-democracy
_cby R. S. Downie
260 _a
_bMacMillan and Co. Ltd
_c1964
300 _ax, 149p.
500 _aIncludes Bibliography
650 0 _aPOLITICAL SCIENCE
650 _aPOLITICAL ETHICS
995 _aSPECIAL COLLECTIONS
_e500385
_FCBU-DAG HAMMARSKJOLD INSTITUTE LIBRARY
_jDAG JA 79 Dow
_M1
_UAVAILABLE
_WDec 31, 2012
_y500385
_ZDHIPS Book Collection
999 _c268
_d268